[Event "Landesliga Nord 0102"]
[Site "Bayern"]
[Date "2002.01.20"]
[Round "4.8"]
[White "Auburger, Philipp"]
[Black "Reinhard, Juergen"]
[Result "1-0"]
[WhiteElo "1805"]
[BlackElo "1870"]
[PlyCount "81"]
[EventDate "2001.10.07"]
[EventType "team"]
[EventRounds "9"]
[EventCountry "GER"]
[SourceTitle "EXT 2003"]
[Source "ChessBase"]
[SourceDate "2002.11.25"]
[SourceVersion "1"]
[SourceVersionDate "2002.11.25"]
[SourceQuality "1"]
[WhiteTeam "Forchheim II"]
[BlackTeam "Dettingen"]
[WhiteTeamCountry "GER"]
[BlackTeamCountry "GER"]

1. e4 c5 2. c3 d5 3. exd5 Qxd5 4. d4 cxd4 5. cxd4 Nc6 6. Nf3 Bg4 7. Nc3 Qa5 8. d5 Rd8 9. Bd2 Nb4 10. a3 Nxd5 11. Bb5+ Rd7 12. Bxd7+ Bxd7 13. 0-0 Ngf6 14. Qb3 Qb6 15. Qc2 e6 16. Ne5 Qc7 17. Nxd7 Qxd7 18. Rac1 Be7 19. Nxd5 Nxd5 20. Qc8+ Bd8 21. Be3 Qxc8 22. Rxc8 Nxe3 23. fxe3 0-0 24. Kf2 Bf6 25. Rxf8+ Kxf8 26. b3 Bb2 27. a4 a5 28. Ke2 Ke7 29. Kd3 Ba3 30. Kc4 b6 31. e4 Bc5 32. Kb5 e5 33. Rd1 Ke6 34. g4 Bd4 35. Rc1 Kf6 36. h4 h6 37. Rc6+ Ke7 38. Rxb6 Bxb6 39. Kxb6 g5 40. hxg5 hxg5 41. Kxa5 1-0